00327nam a2200133Ia 4500008004100000020001500041041001200056082001600068100001300084245003200097260003700129300000800166650001900174221030s9999 xx 000 0 und d a8125904824 aEnglish a105.23bSin aS. Singh 0aLinear Algebracby S. Singh bVikas Pub HouseaNew Delhic2005 a442 aBE Mathematics